Starting Lyrics of 20 Random Beatles Songs - Statistics

General Stats
  • This quiz has been taken 1,029 times
  • The average score is 10 of 20
Answer Stats
SONG STARTING LYRICS % Correct
When I'm Sixty-Four When I get
92%
Something Something in the
90%
Help! Help! I need
89%
Here Comes the Sun Here comes the
89%
A Hard Day's Night It's been a
88%
Hey Jude Hey Jude, don't
87%
I Want You (She's So Heavy) I want you
86%
Nowhere Man He's a real
85%
Golden Slumbers Once there was
85%
The Long and Winding Road The long and
84%
Let It Be When I find
84%
Love Me Do Love love me
83%
Why Don't We Do It in the Road? Why don't we
82%
Yesterday Yesterday all my
82%
She Came in Through the Bathroom Window She came in
81%
Blackbird Blackbird singing in
80%
Don't Let Me Down Don't let me
80%
Octopus's Garden I'd like to
79%
She Loves You She loves you
79%
I Saw Her Standing There Well, she was
79%
Mean Mr. Mustard Mean mr. Mustard
78%
Oh! Darling Oh, Darling, please
77%
Hello, Goodbye You say yes
77%
Revolution 1 (ah, take 18. ok!) You say you
76%
I've Got a Feeling I've got a
76%
In My Life There are places
76%
Yellow Submarine In the town
75%
Piggies Have you seen
74%
I'm So Tired I'm so tired
74%
Being for the Benefit of Mr. Kite! For the benefit
73%
I've Just Seen a Face I've just seen
73%
All You Need Is Love (Love, love, love...) There's nothing you
73%
Can't Buy Me Love Can't buy me
72%
Ob-La-Di, Ob-La-Da Desmond has a
71%
Glass Onion I told you
71%
Strawberry Fields Forever Let me take
71%
The Fool on the Hill Day after day
70%
While My Guitar Gently Weeps I look at
70%
Ticket to Ride I think I'm
70%
With a Little Help from My Friends What would you
70%
Lovely Rita (Aah) Lovely Rita meter
69%
If I Fell If I fell
69%
Get Back (Rosetta sweet Loretta…) Jojo was a
68%
You're Going to Lose That Girl You're going to
68%
All My Loving Close your eyes
67%
I'm Looking Through You I'm looking through
67%
Helter Skelter When I get
67%
Revolution You say you
67%
We Can Work It Out Try to see
66%
Good Day Sunshine Good day sunshine
65%
Martha My Dear Martha, my dear
65%
Michelle Michelle, ma belle
65%
Lucy in the Sky with Diamonds Picture yourself in
65%
You Never Give Me Your Money You never give
65%
A Day in the Life I read the
64%
I Should Have Known Better I should have
64%
She Said She Said She said, "I
64%
Good Morning Good Morning (Good morning good...) Nothing to do
63%
Lady Madonna Lady Madonna, children
63%
Paperback Writer (Paperback writer, writer...) Dear Sir or
63%
Magical Mystery Tour Roll up, roll
63%
Fixing a Hole I'm fixing a
62%
Tell Me Why Tell me why
62%
Twist and Shout Well, shake it
62%
Because Because the world
61%
I Am the Walrus I am he
61%
Got To Get You Into My Life I was alone
61%
Penny Lane Penny Lane there
61%
Her Majesty Her Majesty's a
60%
Happiness is a Warm Gun She's not a
60%
Sun King (Ah) Here comes the
59%
Any Time at All Any time at
59%
Carry That Weight Boy, you're gonna
57%
Norwegian Wood (This Bird Has Flown) I once had
57%
I Want to Hold Your Hand Oh, yeah, I'll
57%
Taxman (1, 2, 3, 4…) Let me tell
55%
You've Got to Hide Your Love Away Here I stand
55%
Wild Honey Pie Honey pie, honey
55%
Please Please Me Last night I
55%
Dear Prudence Dear Prudence, won't
54%
Tomorrow Never Knows Turn off your
54%
I Will Who knows how
54%
Back in the U.S.S.R. (Oh) Flew in from
53%
Eight Days a Week (Ooh) I need your
53%
I'm a Loser I'm a loser
52%
Little Child Little child, little
52%
Maggie Mae Oh, dirty Maggie
52%
Polythene Pam Well, you should
52%
I'm Only Sleeping When I wake
52%
Revolution 9 (bottle of Claret…) Numer 9, number 9
51%
Sgt. Pepper's Lonely Hearts Club Band It was twenty
50%
I Wanna Be Your Man I wanna be
50%
Till There Was You There were bells
50%
No Reply This happened once
50%
She's Leaving Home Wednesday morning at
50%
Do You Want to Know a Secret You'll never know
50%
A Taste of Honey A taste of
48%
Cry Baby Cry Cry baby cry,
48%
Dig a Pony (I hi hi) I dig a pony
48%
Long, Long, Long It's been a
48%
Two of Us Two of us
48%
What Goes On What goes on
48%
Yer Blues Yes, I'm lonely
48%
Day Tripper Got a good
47%
Your Mother Should Know Let's all get
47%
Here, There and Everywhere To lead a
47%
Birthday You say it's
47%
All Together Now One, two, three
46%
Act Naturally They're gonna put
46%
Getting Better It's getting better
45%
Maxwell's Silver Hammer Joan was quizzical
45%
Girl Is there anybody
44%
Eleanor Rigby Ah, look at
43%
Everybody's Got Something to Hide Except Me and My Monkey Come on, come
43%
Julia Half of what
43%
It Won't Be Long It won't be
43%
The Word Say the word
43%
Come Together Here comes old
42%
And I Love Her I give her
42%
She's a Woman My love don't
42%
Blue Jay Way There's a fog
42%
I Me Mine All through the
41%
Chains Chains, my baby
41%
I Want to Tell You I want to
41%
The Night Before We said our
41%
You Won't See Me When I call
41%
The Ballad of John and Yoko Standing in the
40%
Across the Universe Words are flowing
40%
P.S. I Love You As I write
39%
The Continuing Story of Bungalow Bill Hey, Bungalow Bill,
39%
From Me to You If there's anything
39%
Honey Pie She was a
39%
Misery The world is
39%
It's Only Love I get high
38%
Dig It Like a rolling
38%
Drive My Car Asked a girl
37%
You Really Got a Hold on Me I don't like
37%
Baby's in Black Oh dear, what
37%
For No One Your day breaks
37%
For You Blue Because you're sweet
36%
If I Needed Someone If I needed
36%
All I've Got to Do Whenever I want
36%
Rock and Roll Music Just let me
35%
I'm Happy Just to Dance with You Before this dance
33%
Long Tall Sally I'm gonna tell
32%
Please Mr. Postman Wait oh yes
32%
You Know my Name (Look Up the Number) You know my
32%
I'm Down You tell lies
32%
Another Girl For I have
31%
Anna (Go to Him) Anna you come
30%
Mother Nature's Son Born a poor
30%
Baby, You're a Rich Man How does it
30%
Rain If the rain
30%
Devil in Her Heart She's got the
30%
I'll Be Back You know if
30%
Things We Said Today You say you
30%
And Your Bird Can Sing You tell me
30%
I Feel Fine Baby's good to
29%
Hold Me Tight It feels so
29%
I Call Your Name I call your
28%
I'll Follow the Sun One day you'll
28%
Baby It's You Sha la la
28%
I Need You You don't realize
28%
Bad Boy A bad little
27%
Sexy Sadie Sexy Sadie what
27%
I Don't Want to Spoil the Party I don't want
26%
One After 909 My baby says
26%
Boys I been told
25%
I'll Get You Oh yeah, Oh
25%
Think for Yourself I've got a
24%
Good Night Now it's time
24%
Dizzy Miss Lizzy You make me
24%
This Boy That boy took
23%
Roll Over Beethoven Well gonna write
23%
Run for Your Life Well I'd rather
23%
When I Get Home (Whoa-I, whoa-I) I got a
23%
You Can't Do That I got something
22%
Wait It's been a
20%
Hey Bulldog Sheep dog standing
20%
Don't Bother Me Since she's been
20%
Within You Without You We were talking
20%
Every Little Thing When I'm walking
20%
Not a Second Time You know you
20%
Tell Me What You See If you let
19%
Ask Me Why I love you,
19%
What You're Doing Look what you're
19%
Mr. Moonlight Mr. Moonlight you
19%
Doctor Robert Ring my friend
19%
Money (That's What I Want) The best things
19%
Old Brown Shoe I want a
18%
The End Oh, yeah! Alright!
17%
Only a Northern Song If you're listening
15%
Everybody's Trying to Be My Baby Well they took
15%
Honey Don't Well how come
14%
Don't Pass Me By I listen for
13%
Yes it Is If you wear
10%
I'll Cry Instead I've got every
10%
It's All Too Much When I look
10%
There's a Place There, there's a
9%
Savoy Truffle Cream tangerine and
8%
Words of Love Hold me close
8%
Matchbox I said I'm
8%
Slow Down Well, come on
8%
Rocky Raccoon Now somewhere in
7%
Kansas City / Hey, Hey, Hey, Hey (Aaah) Kansas City Gonna
5%
Love You To Each day just
5%
Thank You Girl (Oh, oh), you've been
5%
You Like Me Too Much Though you're gone
4%
The Inner Light Without going out
0%
No matching quizzes found
Score Distribution
Percent of People with Each Score
Percentile by Number Answered
Your Score History
You have not taken this quiz